01004nam a22002652a 450000100060000000300080000600500170001400800440003103500190007504000270009404100080012108200180012909000130014710000240016024500250018426000480020930000310025749000250028850501350031365000530044870000640050194200120056599900170057795201440059427770BD-RjUL20211209051211.0140327s19541937 uk 000 0 eng d a(BD-RjUL)27849 aCINcCINdBD-RjULbeng aeng a930bWEF 1954 aD23b.W41 aWedgwood, A.98524810aFounders of cities / aLondon :bLongmans ;c1937 [Reprinted 1954] a126 p. : billus. ;c19 cm aDiscovering history.0 abk. 1. Founders of cities, by A. Wedgwood and C.S.S. Higham.--bk. 2. The heritage of Greece & Rome, by A. Wedgwood & C.S.S. Higham 0a History, Ancient -- Juvenile literature.9852491 aHigham ,C. S .S .985250qHigham, Charles Strachan Sanders  2ddccBK c27770d27770 00102ddc40728NFICaRUCLbRUCLcReadingd1956-07-08eSIMPKIM MASSHALLg40.00l0o930 WEF 1954r2014-03-27 00:00:00tC-1w2021-12-09yBK